|
|
|
แสดงรายละเอียดบรรณานุกรม |
|
|
Brief Record
: Get Marc (ISO 2709)
: E-mail record
: |
|
|
| LEADER 00000nam 2200000uu 4500 | |||
| 001 52808 | |||
| 003 ULIBM | |||
| 008 191204s||||||||th 000 0 tha d | |||
| 020 ^a 9789740215219 | |||
| 082 0 ^a 923.271 ^b ท - ก | |||
| 100 0 ^a ทรูโด ,จัสติน | |||
| 245 00 ^a ก้าวใหม่ที่แตกต่างบนทางเดียวกัน/^c จัสติน ทรูโด | |||
| 250 ^a พิมพ์ครั้งที่แรก | |||
| 260 ^a กรุงเทพฯ:^b มติชน ,^c 2559 | |||
| 300 ^a 304 หน้า 285 บาท | |||
| 541 ^a 285 บาท | |||
| 650 0 ^a นักการเมือง | |||
| 650 0 ^a นายกรัฐมนตรี ^z แคนาดา | |||
| 651 0 ^a แคนาดา ^x การเชื่อมและการปกครอง | |||
| 651 0 ^a นงนุช สิงหเดชะ ,^e ผู้แปล | |||
| 999 ^ananthaya | |||
| คุณยังไม่ได้ล็อกอิน คุณสามารถมีกิจกรรมร่วมกับเว็บไซต์ได้ แต่ต้องล็อกอินก่อน :: |
|
| สถานะ | |||||||||
| 1. | หนังสือ | 923.271 ท - ก Barcode: 083998 | ►หนังสือทั่วไป | On Shelf ขอยืม | |||||
| [แสดง 1/1 รายการ] | |||||||||

| รายการใกล้เคียง หัวเรื่อง [นักการเมือง] |
BibComment |
| คอมเมนท์ทรัพยากรรายการนี้ |
|
|
ห้องสมุดโรงเรียนสามัคคีวิทยาคม
159 ถ.บรรพปราการ ต.เวียง อ.เมือง จ.เชียงราย 57000
โทร. 053-711018 โทรสาร 053-713003